000 00360nam a2200145Ia 4500
008 220217s9999||||xx |||||||||||||| ||und||
020 _a0-07-118996-3
082 _a004.7 TAY
100 _aTaylor, Jim
_92848
245 0 _aDVD demystified
250 _a2nd
260 _aTata Mcgraw hill
_bBoston
_c2001
300 _b480
650 _aCOMPUTER SCIENCE
999 _c171914
_d171914